Bones. (Record no. 12636)

000 -LEADER
fixed length control field 00527nam a2200193 a 4500
001 - CONTROL NUMBER
control field :::00010445$&:&@@
003 - CONTROL NUMBER IDENTIFIER
control field OkBaRHE
005 - DATE AND TIME OF LATEST TRANSACTION
control field 20000607103359.0
008 - FIXED-LENGTH DATA ELEMENTS--GENERAL INFORMATION
fixed length control field j 000 0 eng u
040 ## - CATALOGING SOURCE
Transcribing agency
100 1# - MAIN ENTRY--PERSONAL NAME
Personal name Hickey, Marilyn.
245 10 - TITLE STATEMENT
Title Bones.
260 ## - PUBLICATION, DISTRIBUTION, ETC. (IMPRINT)
Place of publication, distribution, etc Denver, CO., :
Name of publisher, distributor, etc Life for Layman
Date of publication, distribution, etc nd
300 ## - PHYSICAL DESCRIPTION
Extent 17 p. ;
Dimensions 14 cm.
650 ## - SUBJECT ADDED ENTRY--TOPICAL TERM
Topical term or geographic name as entry element Christian Life
650 ## - SUBJECT ADDED ENTRY--TOPICAL TERM
Topical term or geographic name as entry element Healing
942 ## - ADDED ENTRY ELEMENTS (KOHA)
Source of classification or shelving scheme
Koha item type Books
Copies
Copy number Koha item type Shelving location Price effective from Lost status Not for loan Permanent Location Full call number Source of classification or shelving scheme Withdrawn status Date last seen Date acquired Damaged status Barcode
1BooksGeneral Stacks2010-04-14  RHEMA Bible Training CollegeBV 4501 .H5  2010-04-142010-04-14 10445